000 00632nam a2200205Ia 4500
005 20260121110357.0
008 008 260114s9999 xx 000 0 hin d
020 _a9788132304616
037 _aEBOOK
040 _aCRL
_bhin
_cCRL
041 _ahin
_2hin
084 _qCRL
100 _aअविनाश वर्मा / Avinash Verma
_9945421
245 0 _aमहात्मा गांधी / Mahatma Gandhi
260 _bभाषा प्रकाशन / Bhasha Prakashan
_c2020
856 _uhttps://bhashaprakashan.com/product-details/378112
942 _cEBOOK
999 _c1537085
_d1537085